Mzdové zvýhodnenia za prácu v sobotu, nedeľu a v noci od 1. mája 2019

S účinnosťou od 1. mája 2018 sú v Zákonníku práce ustanovené sadzby mzdových zvýhodnení za prácu v sobotu, nedeľu a v noci. Zvyšovanie mzdových zvýhodnení. Mzdové zvýhodnenie za prácu v sobotu, nedeľu a v noci od 1. mája 2019. Praktické príklady.

Gespeichert in:
Bibliographische Detailangaben
1. Verfasser: Gášpárová, Eva
Format: Buchkapitel
Sprache:Slowakisch
Schlagworte:
Tags: Tag hinzufügen
Keine Tags, Fügen Sie das erste Tag hinzu!

MARC

LEADER 00000naa a2200000 4500
001 0256871
005 20190704091316.2
041 0 |a slo 
044 |a SK 
245 1 0 |a Mzdové zvýhodnenia za prácu v sobotu, nedeľu a v noci od 1. mája 2019  |c Eva Gášpárová 
520 |a S účinnosťou od 1. mája 2018 sú v Zákonníku práce ustanovené sadzby mzdových zvýhodnení za prácu v sobotu, nedeľu a v noci. Zvyšovanie mzdových zvýhodnení. Mzdové zvýhodnenie za prácu v sobotu, nedeľu a v noci od 1. mája 2019. Praktické príklady. 
610 2 0 |a mzdy 
610 2 0 |a zvýhodnenie mzdové 
610 2 0 |a zamestnanci 
610 2 0 |a zamestnávatelia 
610 2 0 |a práca nočná 
610 2 0 |a legislatíva 
610 2 0 |a zmluvy kolektívne 
610 2 0 |a zmluvy pracovné 
100 1 |a Gášpárová, Eva